Estudios morfológicos, autoecológicos y sistemáticos en angiospermas / (Registro nro. 3652)

Detalles MARC
000 -CABECERA
Campo de control 00806cam a2200217 i 4500
005 - FECHA Y HORA DE LA ULTIMA TRANSACCION
Campo de control 20191224041710.0
008 - ELEMENTOS DE LONGITUD FIJA—INFORMACION GENERAL
Campo de control 911018s1987 ck a b 000 0 spa d
040 ## - FUENTE DE CATALOGACIÓN
Agencia catalogadora original MH-A
Agencia transcriptora MH-A
Agencia Modificadora DLC
-- CO-BoIAV
041 0# - IDIOMA
Código de idioma para texto/pista de sonido o título separado Español
082 04 - NUMERO DE CLASIFICACION DECIMAL DEWEY
Número de clasificación 575.6
Número del ítem M82e
100 1# - ASIENTO PRINCIPAL--NOMBRE PERSONAL
Nombre personal Mora-Osejo, Luis Eduardo
9 (RLIN) 12168
245 10 - MENCION DE TITULO
Título Estudios morfológicos, autoecológicos y sistemáticos en angiospermas /
Mención de responsabilidad Luis Eduardo Mora-Osejo.
260 ## - PUBLICACION, DISTRIBUCION, ETC. (PIE DE IMPRENTA)
Lugar de publicación, distribución, etc. Bogotá :
Nombre del editor, distribuidor, etc. Academia Colombiana de Ciencias Exactas, Físicas y Naturales,
Fecha de publicación, distribución, etc. 1987.
300 ## - DESCRIPCION FISICA
Extensión 195 páginas :
Otros detalles físicos ilustraciones ;
Dimensiones 24 cm.
490 00 - MENCION DE SERIE
Mención de serie Serie Jorge Álvarez Lleras ;
Designación numérica/secuencial del volumen 1
504 ## - NOTA DE BIBLIOGRAFIA, ETC.
Nota de bibliografía Incluye referencias bibliográficas.
650 14 - ASIENTO SECUNDARIO DE MATERIA - TERMINO TEMATICO
Término temático o nombre geográfico como elemento de entrada Angiospermas
Subdivisión general Morfología
9 (RLIN) 59704
650 24 - ASIENTO SECUNDARIO DE MATERIA - TERMINO TEMATICO
Término temático o nombre geográfico como elemento de entrada Angiospermas
Subdivisión general Fisiología
9 (RLIN) 59705
650 24 - ASIENTO SECUNDARIO DE MATERIA - TERMINO TEMATICO
Término temático o nombre geográfico como elemento de entrada Angiospermas
9 (RLIN) 59706
942 ## - ELEMENTOS ADICIONALES (KOHA)
Sistema de clasificación Dewey Decimal Classification
Tipo de ítem Libro
Existencias
Withdrawn status Lost status Sistema de Clasificación Damaged status No para préstamo Colección Inventariado Ubicación Permanente Ubicación actual Fecha de adquisición Fuente de Valor Valor Total Checkouts Número topográfico Inventario / Código de Barras Date last seen Ejemplar Price effective from Forma de adquisición Tipo de material
    Dewey Decimal Classification     General Inventariado 2017 Bogotá Bogotá 02/02/2004 Instituto 50000.00   LB-575.6 M82e 015363 04/12/2012 Ej. 1 04/12/2012   Libro